| 000 | 004590000a22001810004500 | ||
|---|---|---|---|
| 003 | MACL | ||
| 005 | 20151028131853.0 | ||
| 008 | 151028b xxu||||| |||| 00| 0 eng d | ||
| 040 |
_aMACL _cMACL |
||
| 041 | _aEnglish | ||
| 082 | _a294.5/MAZ | ||
| 100 |
_aMazumdar, Gayatri Sen _917152 |
||
| 245 | _aEarly Buddhaism And Laity | ||
| 260 |
_bMaha Bodhi Book Agency _c2009 _aKolkata |
||
| 350 | _a450 | ||
| 650 |
_aReligion _917153 |
||
| 942 |
_cBK _k294.5/Maz _2ddc |
||
| 999 |
_c44348 _d44348 |
||